000 01005nmc a2200325 a 4500
003 AR-BaBNM
005 20251128210249.0
008 011101s1997 ||||||||||||||000 | spa||
020 _a84-277-1191-3
040 _cAR-BaBNM
100 1 _aAgüera Espejo-Saavedra, Isabel
245 1 0 _aIdeas prácticas para un currículo creativo
_bbuenas ideas en lengua, matemáticas, conocimiento del medio, plástica, técnicas de estudio...
260 _aMadrid
_bNarcea
_c1997
300 _a252 p.
_bil., tablas
490 0 _aEducación hoy
650 4 _aMETODOS DE ENSENANZA
650 4 _aDIDACTICA
650 4 _aCURRICULO
650 4 _aENSENANZA DE LAS MATEMATICAS
650 4 _aMETODOS DE ESTUDIO
650 4 _aEDUCACION AMBIENTAL
650 4 _aACTIVIDADES DE APRENDIZAJE
650 4 _aJUEGOS EDUCATIVOS
653 _aENSENANZA DE LA LENGUA
653 _aEDUCACION PLASTICA
653 _aENSENANZA DE LA LITERATURA
653 _aEDUCACION PARA LA SALUD
942 _cBK
998 _cRaquel
999 _c14695
_d14695